000 01198nam a22003377i 4500
003 EG-GICUC
005 20260509171227.0
008 260505s1999 ua |||fr|||| 000 0 ara d
017 _a10569 لسنة 1998
020 _a977279215X
040 _a EG-GICUC
_bara
_c EG-GICUC
_d EG-GICUC
_erda
041 0 _aara
082 0 4 _221
_a341.33
_bك ي
092 0 4 _221
099 _aLaw1 11 341.33 ك ي 1999
100 0 _aالسيد عليوه
_eمقدم.
245 1 0 _a!كيف تصبح دبلوماسياً ؟ /
_cتقديم السيد عليوه .
264 1 _aالقاهرة :
_bدار الأمين للطباعة ،
_c1999.
300 _a163صفحة ؛
_c18 سم
336 _2rda content
_atext
337 _2rda media
_aComputer
338 _2rda carrier
_aOnline Resource
490 _aسلسلة دليل صنع القرار
_x7
546 _aالنص باللغة العربية
650 1 4 _aالقانون الدولي العام
_vالدبلوماسية / السلك الدبلوماسي
_2qrmak
651 1 _2qrmak
700 _aالسيد عليوه
_eمقدم.
856 4 0 _uhttps://fll.law.cu.edu.eg/fulltext/bks/B11-10276.pdf
905 _a56
942 _2ddc
_cBK
_e21
_n0
999 _c75748
_d75748